Statistics for Crowd-Sourced General Knowledge #5

Click here to take the quiz!

General Stats

  • This quiz has been taken 43,786 times
    (28,510 since last reset)
  • The average score is 12 of 20

Answer Stats

QuestionAnswer% Correct
Who was shot at Ford's Theatre?Abraham Lincoln
89%
What movie featured the song "Under the Sea"?The Little Mermaid
89%
What periodic table element is represented by the letter K?Potassium
83%
What country do Legos come from?Denmark
82%
What German military tactic means "lightning war"?Blitzkrieg
73%
What religion is associated with wearing dreadlocks?Rastafari
71%
What well-known horror novel was written by Mary Shelley?Frankenstein
70%
What country did Ingólfr Arnarson become the first person to settle in the year 874?Iceland
70%
What is the most commonly-spoken language that uses the Cyrillic alphabet?Russian
68%
What U.S. territory lies about 1,600 miles south of Japan?Guam
61%
On what European island would you find the Giant's Causeway?Ireland
58%
What type of animal is a macaque?Monkey
58%
What is the only country in Central America that has English as its official language?Belize
57%
What modern garment was the cravat a predecessor of?Necktie
56%
What word, starting with R, means "bird of prey"?Raptor
48%
What vestigial organ caused the death of Harry Houdini?Appendix
44%
What is another name for ALS disease – in honor of the baseball player
who died of it in 1941?
{Lou} {Gehrig}'s
Disease
44%
What disease is also known as "consumption"?Tuberculosis
41%
Who urged the citizens of San Diego to "stay classy"?Ron Burgundy
31%
Forwards I'm heavy but backwards I'm not. What am I?Ton
26%

Score Distribution

Percentile by Number Answered

Percent of People with Each Score

Your Score History

You have not taken this quiz since the last reset